[Princípy pojištění a pojišťovnictví]

Recenzia na monografiu, ktorej cieľom bolo vysvetlenie podstaty a podoby komerčného poistenia a poisťovníctva s jeho jednotlivými aplikáciami, v nadväznosti na ich fungovanie a úlohy v rámci celej ekonomiky.

Gespeichert in:
Bibliographische Detailangaben
1. Verfasser: Majtánová, Anna
Format: Buchkapitel
Sprache:Slowakisch
Schlagworte:
Tags: Tag hinzufügen
Keine Tags, Fügen Sie das erste Tag hinzu!

MARC

LEADER 00000naa$a2200000$$$4500
001 0110638
005 20240502072225.7
041 0 |a slo 
044 |a SK 
245 1 0 |a [Princípy pojištění a pojišťovnictví]  |c Anna Majtánová 
520 |a Recenzia na monografiu, ktorej cieľom bolo vysvetlenie podstaty a podoby komerčného poistenia a poisťovníctva s jeho jednotlivými aplikáciami, v nadväznosti na ich fungovanie a úlohy v rámci celej ekonomiky. 
610 2 0 |a recenzie 
610 2 0 |a poisťovníctvo 
610 2 0 |a trh poistný 
610 2 0 |a poisťovne komerčné 
610 2 0 |a poistenie sociálne 
100 1 |a Majtánová, Anna